01255nam a22003617a 45000010005000000030009000050050017000140070005000310080028000360200015000640400022000790820017001010920006001181000022001242400029001462450165001752500027003402600047003673000030004144900013004446500028004576500033004856500025005186500029005437000030005728300013006029100037006159420012006529450039006649520135007039560038008389990017008762458DO-SdBNP20171113115705.02458160620b|1993 cl 00| 0 spa d a9580470235 aBPMSUbspacBPMSU 4a658.85bJ66c 2 1 aJohnson, Kerry L. aPeak performance seling 1 aCómo lograr la excelencia en ventas :bqué hacer para incrementar sus ventas en un 70% en seis semanas /cKerry L. Johnson ; traducción Adriana de Hassan. aEdición económica.0 aBogotá : bGrupo Editorial Norma, c1993 a233 p. : bil. ; c21 cm.1 aGerencia 4aÉXITO EN LOS NEGOCIOS 4aVENDEDORES Y ARTE DE VENDER  4aTÉCNICAS DE VENTAS 4aADMINISTRACION DE VENTAS12aHassan, Adriana de etr.  0aGerencia aValidado. Control de calidad MFF 2ddccBK aInventariado extranjero / 2017 VM 00102ddc40708CGaBPMETbBPMETd2016-06-20eDoado por Laura Garcíal0o658.85 J66cpBPMSU16060245r2016-06-20w2016-06-20yBK aVMATEOb10c20160620dBPMSUf0069 c10437d10437